000 00925cab a2200241 4500
001 WB2843-48
008 090401t1992 xxu||||| |||| 00| 0 eng d
035 _a(Sirsi) u55404
041 _aeng
245 _aAgent`s duty of disclosure
260 _c1992
350 _a0
490 _aEstates Gazette Case Summaries
_v(1992) EGCS 119 (2) (31/10/92)
520 _a"Brent Kelly v Cooper Associates (a firm)" Privy Council 19 October 1992. The decision of the Bermuda Court of Appeal, that the estate agent had no duty to disclose to a client vendor that purchasers of the property were also intending to buy the neighbouring property, was upheld.
650 _aBERMUDA
650 _aCONFIDENTIALITY
650 _aDUTY TO DISCLOSE INFORMATION
650 _aESTATE AGENTS
650 _aNEIGHBOURING PROPERTIES
690 _aMANAGEMENT-BUSINESS MANAGEMENT-PROFESSIONAL PRACTICE
942 _n0
948 _c04/03/1997
999 _c33844
_d33844